| 000 | 01267nam a2200229Ia 4500 | ||
|---|---|---|---|
| 001 | L235-7754 | ||
| 003 | IT-CnALBA | ||
| 008 | 170116s9999||||xx |||||||||||||| ||und|| | ||
| 040 |
_aIT-CnALBA _cIT-CnALBA |
||
| 041 | _aITALIANO | ||
| 100 | _aSENZA AUTORE | ||
| 245 | 0 | _aMESE DI MAGGIO. LETTURE SPIRITUALI SULLA VITA DI GESÙ E MARIA. TOMO VI. | |
| 250 | _a1a ed. | ||
| 260 |
_a VENEZIA _bEMILIANA TIP. LIBR. EDITRICE _c1878 [1° Ed.:1878 - Ed.Ling.Originale: 1878] |
||
| 300 | _a268 p. (prefazione: 514) | ||
| 500 | _aMARIA E L'ASCENSIONE DI GESÙ. PENTECOSTE. SPIRITO SANTO. PREDICA DI PIETRO E DEGLI APOSTOLI. MESSA DI PIETRO. DONI DI MARIA E DEVOZIONE. DISCORSO DI MARIA SULLA POVERTÀ. S. STEFANO. SIMBOLO APOSTOLICO. MARIA IN SPAGNA. CONVERSIONE DI S. PAOLO. MARIA AD EF | ||
| 501 | _aSocietà San Paolo EM - Piazza San Paolo, 14 - 12051 ALBA (CN) (non commercial uses only) ® Copyright 2017 | ||
| 520 | _aMARIA E L'ASCENSIONE DI GESÙ. PENTECOSTE. SPIRITO SANTO. PREDICA DI PIETRO E DEGLI APOSTOLI. MESSA DI PIETRO. DONI DI MARIA E DEVOZIONE. DISCORSO DI MARIA SULLA POVERTÀ. S. STEFANO. SIMBOLO APOSTOLICO. MARIA IN SPAGNA. CONVERSIONE DI S. PAOLO. MARIA AD EF | ||
| 650 | _aMARIA SS. ANGELI SANTI DEMONI | ||
| 942 | _cBK | ||
| 957 | _71 | ||
| 999 |
_a8730 _bSI _g Copie: 1 _c266936 _d266936 |
||